Statistics for Famous Empires in History v2

Click here to take the quiz!

General Stats

  • This quiz has been taken 58 times
  • The average score is 15 of 17

Answer Stats

Answer% Correct
Spanish
100%
Roman
98%
Russian
98%
British
96%
Mongol
96%
Nazi
96%
Portuguese
94%
Achaemenid
90%
Aztec
88%
Holy Roman
86%
Inca
86%
Byzantine
80%
Mughal Empire
75%
Neo-Babylonian
71%
Austrian
67%
Macedonian
67%
Neo-Assyrian
67%

Score Distribution

Percentile by Number Answered

Percent of People with Each Score

Your Score History

You have not taken this quiz